Understanding NEC4 term service contract / (Record no. 121411)

MARC details
000 -LEADER
fixed length control field 01633cam a22004098i 4500
001 - CONTROL NUMBER
control field 121411
005 - DATE AND TIME OF LATEST TRANSACTION
control field 20230328143923.0
008 - FIXED-LENGTH DATA ELEMENTS--GENERAL INFORMATION
fixed length control field 230328s2018 enk b 001 0 eng
010 ## - LIBRARY OF CONGRESS CONTROL NUMBER
LC control number 2017049521
020 ## - INTERNATIONAL STANDARD BOOK NUMBER
ISBN 9780815348368 (pbk. : alk. paper)
040 ## - CATALOGING SOURCE
Original cataloging agency DLC
041 ## - LANGUAGE CODE
Language code of text/sound track or separate title eng
043 ## - GEOGRAPHIC AREA CODE
Geographic area code e-uk---
082 00 - DEWEY DECIMAL CLASSIFICATION NUMBER
Classification number 343.4107
100 1# - MAIN ENTRY--PERSONAL NAME
Personal author Hughes, Kelvin
Titles and other words associated with a name (Engineering consultant),
Relator term author.
245 10 - TITLE STATEMENT
Title Understanding NEC4 term service contract /
Statement of responsibility, etc Kelvin Hughes and Patrick Waterhouse.
246 3# - VARIANT TITLE
Title Understanding the new engineering contract third, term service contracts
264 #1 - PRODUCTION, PUBLICATION, DISTRIBUTION, MANUFACTURE, AND COPYRIGHT NOTICE
Place of production, publication, distribution, manufacture Abingdon, Oxon / New York, NY :
Name of producer, publisher, distributor, manufacturer Routledge,
Date of production, publication, distribution, manufacture, or copyright notice 2018.
300 ## - PHYSICAL DESCRIPTION
Physical description 220p.
490 0# - SERIES TITLE
Series statement Understanding construction series
504 ## - BIBLIOGRAPHY, ETC. NOTE
Bibliography, etc Includes bibliographical references and index.
505 0# - CONTENTS
Contents Introduction -- Early warnings -- Contractor's main responsibilities -- Time -- Quality management -- Payment -- Compensation events -- Use of equipment, plant and materials -- Liabilities and insurance -- Termination -- Resolving and avoiding disputes -- Tenders.
610 20 - SUBJECT ADDED ENTRY--CORPORATE NAME
Corporate name or jurisdiction name as entry element NEC Contracts.
650 #0 - KEYWORDS
Keywords Civil engineering contracts
Geographic subdivision Great Britain.
650 #0 - KEYWORDS
Keywords NEC4
650 #0 - KEYWORDS
Keywords Construction contracts
Geographic subdivision Great Britain.
651 ## - SUBJECT ADDED ENTRY--GEOGRAPHIC NAME
Geographic name United Kingdom
690 ## - BROAD SUBJECT
9 (RLIN) 6230
Broad subject Construction management
700 1# - ADDED PERSONAL NAME
Added personal author Waterhouse, Patrick
Titles and other words associated with a name (Civil engineer),
Relator term author.
942 ## - ADDED ENTRY ELEMENTS (KOHA)
Suppress in OPAC Do not suppress in OPAC
263 ## - PROJECTED PUBLICATION DATE
Projected publication date 1803
336 ## - CONTENT TYPE
Content type term text
Content type code txt
Source rdacontent
337 ## - MEDIA TYPE
Media type term unmediated
Media type code n
Source rdamedia
338 ## - CARRIER TYPE
Carrier type term volume
Carrier type code nc
Source rdacarrier
906 ## - LOCAL DATA ELEMENT F, LDF (RLIN)
a 7
b cbc
c orignew
d 1
e ecip
f 20
g y-gencatlg
Holdings
Lost status Source of classification or shelving scheme Damaged status Not for loan Home library Current library Shelving location Date acquired Total Checkouts Full call number Date last seen Price effective from Koha item type
  Dewey Decimal Classification     London London Books 28/03/2023   343.4107 28/03/2023 28/03/2023 Book